00751nam a2200217Ii 45000010006000000050017000060080041000230200015000640400033000790820020001121000039001322450068001712500023002392640057002623000060003193360029003793370028004083380028004366500034004646500035004985520720260221162111.0241108s9999||||xx |||||||||||||| ||und|| a958962846X aCO-ViMGAbspaerdacCO-ViMGA04aR 927bA71d2231 aLondoño Vélez, Santiagoeautor10aDébora Arango:bvida de pintora /cSantiago Londoño Vélez aPrimera edición  1aBogotá, Colombia : bMinisterio de Cultura,c1997. a241 páginas bilustraciones en blanco y negroc25 cm. atextobtxt2rdacontenido ano mediadobn2rdamedio avolumenbnc2rdacarrier17aPintura colombiana. 2BLAAUTO17aPintores colombianos.2BLAAUTO